000 00714nam a2200241 u 4500
001 000023698
005 20200930022410.0
008 101220s1968 sp r 000 | spa d
041 _afre
_hspa
_2Código de idioma MARC
082 _axx
_bE74r
100 1 _aEscarpit, Robert
_97735
240 1 3 _aLa révolution du livre
_lesopañol
245 1 3 _aLa revolución del libro /
_cRobert Escarpit.
260 _aMadrid :
_bUnesco : Alianza,
_c1968.
300 _a205 p. ;
_c18 cm.
490 1 _aHumanidades
500 _aIncluye lista de la colección
500 _aIncluye notas
534 _aTítulo original :
_tLa révolution du livre
830 0 _aHumanidades
_933453
049 _aBNGR
999 _c23194
_d23194
040 _aDO-SdBNP